| 000 | 00603nam a2200181Ia 4500 | ||
|---|---|---|---|
| 008 | 151018s9999 xx 000 0 und d | ||
| 082 |
_bRBASDV43814 _a891.463 |
||
| 100 | _aविजय नांगरे | ||
| 245 | _aशेवटी काय मिळालं | ||
| 250 | _b1 | ||
| 260 |
_bशब्दालय प्रकाशन _c2004 |
||
| 300 | _a60 | ||
| 600 | _aविजय नांगरे | ||
| 630 | _aशेवटी काय मिळालं | ||
| 700 | _aविजय नांगरे | ||
| 730 | _aशेवटी काय मिळालं | ||
| 942 | _cBOOK | ||
| 999 |
_c1043018 _d1043015 |
||